| 000 | 00655nam a2200229 i 4500 | ||
|---|---|---|---|
| 001 | bg | ||
| 100 | 1 | _aLENKIEWICZ, Stanisław | |
| 245 | 0 |
_aSterowniki urządzeń zewnętrznych o systemie operacyjnym MS-DOS / _cStanisław Lenkiewicz. |
|
| 260 |
_aWarszawa : _bWydaw. PLJ, _c1993. |
||
| 300 |
_a167 s. ; _c24 cm. |
||
| 504 | _aBibliogr. s. 88. | ||
| 630 | 0 | 9 | _aDOS |
| 650 | 9 |
_aKomputery _xbudowa i organizacja |
|
| 650 | 9 |
_aKomputery _xurządzenia _xprogramowanie |
|
| 020 | _a8371010109 | ||
| 040 | _cBPK | ||
| 041 | _apol | ||
| 080 | _a681.322.066:681.326 | ||
| 920 | _a83-7101-010-9 | ||
| 942 | _cKS | ||
| 008 | s pl f |000 0 pol | ||
| 999 |
_c5701 _d5701 |
||
| 856 |
_uhttp://koha.tu.koszalin.pl/cgi-bin/koha/opac-detail.pl?biblionumber=5701 _yKatalog online BPK |
||